logo

Bir Sreshtho Munshi Abdur Rouf Library
Jhenaidah Cadet College

আমাদের প্রাচীন শিল্প / (Record no. 7899)

MARC details
000 -LEADER
fixed length control field 00577nam a22002057a 4500
001 - CONTROL NUMBER
JCCL Control Number 7899
003 - CONTROL NUMBER IDENTIFIER
JCCL marc code BD-JhCC
005 - DATE AND TIME OF LATEST TRANSACTION
control field 20230730100902.0
008 - FIXED-LENGTH DATA ELEMENTS--GENERAL INFORMATION
fixed length control field 180215b1992 bg ||||| |||| 00| 0 ben d
035 ## - SYSTEM CONTROL NUMBER
system control number (BD-JhCC)7899
040 ## - CATALOGING SOURCE
Original cataloging agency BD-JhCC
Modifying agency BD-JhCC
041 ## - LANGUAGE CODE
Language code of Book ben
082 ## - DEWEY DECIMAL CLASSIFICATION NUMBER
Classification number 745.5
Author mark and Year AHA 1992
100 ## - MAIN ENTRY--PERSONAL NAME
Personal name আহমদ, তোফায়েল
245 ## - TITLE STATEMENT
Title আমাদের প্রাচীন শিল্প /
Statement of responsibility, etc তোফায়েল আহমদ
300 ## - PHYSICAL DESCRIPTION
Pagination 222 p. :
Dimensions 22 cm.
650 ## - SUBJECT ADDED ENTRY--TOPICAL TERM
Topical term or geographic name as entry element Handi craft
Geographic subdivision Bangladesh
942 ## - ADDED ENTRY ELEMENTS (KOHA)
Source of classification or shelving scheme Dewey Decimal Classification
Koha item type Books
Holdings
Source of classification or shelving scheme Damaged status Not for loan Home library Current library Shelving location Date of accession Cost, normal purchase price Total Checkouts Full call number Barcode Date last seen Copy number Method of acquisition Koha item type Currency
Dewey Decimal Classification     JCC Rouf Library JCC Rouf Library General Stacks 01/23/2018 4.00   745.5 AHA 1992 10518 07/30/2023 C-1 Purchase Books BDT

JCC Library | Contacts | JCC Home

Last Update on 23 September 2017
Copyright @ 2017-2020 JCC Rouf Library
Rouf Library, Jhenidah Cadet College (JCC), Bangladesh